000 00386nam a2200133 i 4500
001 bg
100 1 _aSTEFAŃCZYK, Bogusław
245 0 _aWpływ dodatków powierzchniowo-aktywnych substancji (pas) na strukturalno-realogiczne... /
_cBogusław Stefańczyk.
260 _aSzczecin,
_c1980.
040 _cBPK
041 _apol
942 _cKS
008 s pl f |000 0 pol
999 _c19582
_d19582
856 _uhttp://koha.tu.koszalin.pl/cgi-bin/koha/opac-detail.pl?biblionumber=19582
_yKatalog online BPK